Footy trivia - Statistics

General Stats
  • This quiz has been taken 96 times
  • The average score is 6 of 17
Answer Stats
Question Answer % Correct
Wc golden ball winner 2006 Zidane
60%
Who is the only player to win the Champions League with three different clubs? Seedorf
55%
Frank Lampard has scored more Premier League goals than Thierry Henry, Robbie Fowler and Michael Owen. True
53%
Only player to score 4 goals in a ucl semi final game Lewandowski
47%
Jurgen Klopp has managed two clubs in Germany, Borussia Dortmund and - Mainz
47%
The fastest goal scored in Premier League history came in 7.69 seconds. Who scored it? Shane Long
44%
It took Cristiano Ronaldo 27 games to score his first Champions League goal. True
42%
Manchester United famously wear red, but what colours did they wear before adopting red? Green and gold
41%
Euro 2012 Top scorer Fernando Torres
35%
In Spanish football, what is 'the Pichichi'? Top scorer
33%
Juventus reached three successive Champions League finals but only won once. Who did they beat? Ajax
32%
Who among these players has won the league with both Barcelona and Real Madrid? Albert Celades
23%
After Juventus, AC Milan and Inter, with nine Scudettos, which team has won the most Serie A titles? Genoa
19%
In which season was the European Cup rebranded as the Champions League? 1992-93
18%
Milan won the title in 1994. In 34 games, how many goals did they score? 35
14%
Along with Real Madrid and Barcelona, which is the only other club never to have played outside the Spanish top flight? Valencia
9%
Which club is sometimes referred to as FC Hollywood? Bayern munchen
8%
No matching quizzes found
Score Distribution
Percent of People with Each Score
Percentile by Number Answered
Your Score History
You have not taken this quiz